The Nature of the Judicial Process / (Record no. 590498)

000 -LEADER
fixed length control field 01035nam a22002297a 4500
020 ## - INTERNATIONAL STANDARD BOOK NUMBER
International Standard Book Number 9781610270182
082 00 - DEWEY DECIMAL CLASSIFICATION NUMBER
Classification number 347.735
Author Mark CAR
100 1# - MAIN ENTRY--PERSONAL NAME
Personal name Cardozo, Benjamin N.
Fuller form of name (Benjamin Nathan),
Dates associated with a name 1870-1938.
9 (RLIN) 94447
245 14 - TITLE STATEMENT
Title The Nature of the Judicial Process /
Statement of responsibility, etc. Benjamin N. Cardozo.
260 ## - PUBLICATION, DISTRIBUTION, ETC.
Place of publication, distribution, etc. New Orleans :
Name of publisher, distributor, etc. Louisiana,
Date of publication, distribution, etc. 2010.
300 ## - PHYSICAL DESCRIPTION
Extent 119 p. ;
Dimensions 22 cm.
500 ## - GENERAL NOTE
General note Originally published: New Haven : Yale University Press, 1921.
500 ## - GENERAL NOTE
General note Delivered in the William L. Storrs lecture series, 1921, before the Law school of Yale university.
504 ## - BIBLIOGRAPHY, ETC. NOTE
Bibliography, etc. note Includes bibliographical references.
650 #0 - SUBJECT ADDED ENTRY--TOPICAL TERM
Topical term or geographic name entry element Judicial process
Geographic subdivision United States.
9 (RLIN) 85394
650 #0 - SUBJECT ADDED ENTRY--TOPICAL TERM
Topical term or geographic name entry element Judicial process.
9 (RLIN) 85393
650 #0 - SUBJECT ADDED ENTRY--TOPICAL TERM
Topical term or geographic name entry element Law
General subdivision Philosophy.
9 (RLIN) 35308
856 42 - ELECTRONIC LOCATION AND ACCESS
Materials specified Publisher description
Uniform Resource Identifier <a href="http://www.loc.gov/catdir/enhancements/fy0624/2005047410-d.html">http://www.loc.gov/catdir/enhancements/fy0624/2005047410-d.html</a>
906 ## - LOCAL DATA ELEMENT F, LDF (RLIN)
a 7
b cbc
c orignew
d 1
e ocip
f 20
g y-gencatlg
942 ## - ADDED ENTRY ELEMENTS (KOHA)
Source of classification or shelving scheme
Koha item type Book
Holdings
Withdrawn status Lost status Source of classification or shelving scheme Damaged status Not for loan Permanent Location Current Location Shelving location Date acquired Source of acquisition Full call number Barcode Date last seen Price effective from Koha item type
          NUST Law School (NLS) NUST Law School (NLS) Law 07/21/2022 Golden Books 347.735 CAR CL-1106 07/21/2022 07/21/2022 Book
© 2023 Central Library, National University of Sciences and Technology. All Rights Reserved.